The certified six sigma green belt handbook / (Record no. 2637)

MARC details
000 -LEADER
fixed length control field 00676nam a2200193 ar4500
001 - CONTROL NUMBER
control field 2639
005 - DATE AND TIME OF LATEST TRANSACTION
control field 20221127090527.0
008 - FIXED-LENGTH DATA ELEMENTS--GENERAL INFORMATION
fixed length control field 110911s xxu a 00110 eng d
020 ## - INTERNATIONAL STANDARD BOOK NUMBER
International Standard Book Number 9780873896986(hpb) :
Terms of availability SR410.00
082 04 - DEWEY DECIMAL CLASSIFICATION NUMBER
Classification number 658.4013
Item number C337 2008
245 04 - TITLE STATEMENT
Title The certified six sigma green belt handbook /
Statement of responsibility, etc. Roderick Munro ... [et al.].
260 ## - PUBLICATION, DISTRIBUTION, ETC.
Place of publication, distribution, etc. Milwaukee, Wisc. :
Name of publisher, distributor, etc. ASQ Quality Press,
Date of publication, distribution, etc. 2008.
300 ## - PHYSICAL DESCRIPTION
Extent xxxvi, 443 p. :
Other physical details ill. ;
Dimensions 24 cm.
Accompanying material 2 CDs.
504 ## - BIBLIOGRAPHY, ETC. NOTE
Bibliography, etc. note Includes bibl. references and index.
650 #4 - SUBJECT ADDED ENTRY--TOPICAL TERM
Topical term or geographic name entry element Quality control
General subdivision Statistical methods.
650 #4 - SUBJECT ADDED ENTRY--TOPICAL TERM
Topical term or geographic name entry element Production control.
650 #4 - SUBJECT ADDED ENTRY--TOPICAL TERM
Topical term or geographic name entry element Six sigma(Quality control standard).
700 0# - ADDED ENTRY--PERSONAL NAME
Personal name Munro, Roderick A.
Holdings
Withdrawn status Lost status Source of classification or shelving scheme Damaged status Not for loan Home library Current library Date acquired Total Checkouts Full call number Barcode Date last seen Copy number Price effective from Koha item type
          CENTRAL CENTRAL 11/27/2022   658.4013 C337 2008 1000000007909 11/27/2022 C1 11/27/2022 Book
          CENTRAL CENTRAL 11/27/2022   658.4013 C337 2008 1000000007908 11/27/2022 C2 11/27/2022 Book
          CENTRAL CENTRAL 11/27/2022   658.4013 C337 2008 1000000007906 11/27/2022 C3 11/27/2022 CD
          CENTRAL CENTRAL 11/27/2022   658.4013 C337 2008 1000000007907 11/27/2022 C4 11/27/2022 CD